000 00603nam a2200229Ia 4500
003 OSt
005 20220928102124.0
006 a|||||r|||| 00| 0
007 ta
008 220927b |||||||| |||| 00| 0 eng d
024 _a53244
037 _cTextual
040 _aSDCL
_cSDCL
_beng
041 _2eng
_aeng
082 _aO152:g(Y5927), P8
100 _aUk A La
_9396695
245 0 _aDalit chintan ke vividh aayam.
260 _aDelhi
_bShilpayan Publishers
_c2008
300 _a143p.
_ccm.
942 _hO152:g(Y5927), P8
_cTEXL
_2CC
999 _c712451
_d712451